000 01125cab a2200349 4500
001 ABS58447
008 090401t1998 xxu||||| |||| 00| 0 eng d
035 _a(Sirsi) u84910
041 _aeng
100 _aMeen, G.
245 _aPreparing for EMU: how to make the UK housing market more continental
260 _c1998
350 _a0
490 _aOxford Economic Forecasting
_vWinter 1998, 8-14(7)
520 _aDiscusses ways in which the UK housing market can become more European. Fiscal measures, reforms to the mortgage finance system and interest rates were considered. Graphs are used to show the present differences between the UK and other European housing markets.
650 _aEMU
650 _aFINLAND
650 _aFISCAL POLICY
650 _aFRANCE
650 _aGERMANY
650 _aGREECE
650 _aHOUSING MARKET
650 _aINTEREST RATES
650 _aIRELAND
650 _aITALY
650 _aMORTGAGES
650 _aSPAIN
650 _aUNITED KINGDOM
690 _aPROPERTY-RESIDENTIAL PROPERTY-RESIDENTIAL PROPERTY MARKET
942 _n0
948 _c16/03/1998
999 _c53394
_d53394